00339nam a2200121Ia 4500008004100000041000800041082000800049100005800057245004300115260003200158300000800190520001900198221007s9999 xx 000 0 und d aeng bMOH aMohata Saloni - 2K111100 & Dr. Atul Deshpande - Guide aStudy of Performance Management System c2013bPune UniversityaPune a71p aDeshpande Atul